| 000 | 00699nam a22002172 4500 | ||
|---|---|---|---|
| 001 | 0000018430 | ||
| 005 | 20151217152128.0 | ||
| 008 | 091028s xx 000 0 eng d | ||
| 020 | _a0130200638 : | ||
| 040 |
_aKABU _cKABU |
||
| 100 | 1 |
_aBrown, Gerald R. _@0000177681 |
|
| 245 | 1 | 0 |
_aReal estate investment : _ba capital market approach / _cGerald R. Brown, George A. Matysiak. |
| 250 | _a1st ed. | ||
| 260 |
_aHarlow, England : _bPearson, _c2000. |
||
| 300 | _a xxvi, 708 p. | ||
| 650 | 0 |
_aReal estate investment _zGreat Britain. _@0000177682 |
|
| 700 | 1 |
_aMatysiak, George A. _@0000177683 |
|
| 852 | 1 | _9p2795 KES | |
| 908 | _a091028 | ||
| 950 | _@1 | ||
| 999 |
_c8571 _d8571 |
||